00530cam a2200181 a 450000100100000000500170001000800410002704000250006808200180009310000330011124500480014426000340019230000280022650000420025465000260029665000150032265000110033700000093320200929145439.0820322s1957 sp a 000 0 spa  aDO-SdBNPbspacBNPHU a070.44bD568d1 aDiez de Andino, Juan,d1889-10aDesmenuzando hechos /cJuan Diez de Andino. aBarcelona :bRumbos,c[1957]. a315 p. :bil. ;c21 cm. aIncluye notas biográficas del autor 4aArtículos de prensa 4aPeriodismo 4aPrensa